[Event "Panevezys op"]
[Site "Panevezys"]
[Date "2023.08.19"]
[Round "4"]
[White "Lazars, Krisjanis"]
[Black "Plunge, Gintautas Jurgis"]
[Result "1-0"]
[WhiteElo "1490"]
[BlackElo "1819"]
[PlyCount "73"]
[EventDate "2023.08.18"]
[EventType "swiss"]
[EventRounds "7"]
[EventCountry "LTU"]
[SourceTitle "EXT 2024"]
[Source "ChessBase"]
[SourceDate "2023.10.10"]
[SourceVersion "1"]
[SourceVersionDate "2023.10.10"]
[SourceQuality "1"]

1. d4 Nf6 2. c4 e6 3. Nc3 Bb4 4. Nf3 0-0 5. Qc2 b6 6. Bg5 Bb7 7. e3 d5 8. Ne5 c5 9. Bd3 h6 10. Bh4 Nbd7 11. 0-0 cxd4 12. exd4 dxc4 13. Bxc4 Be7 14. Rfe1 Nxe5 15. dxe5 Nd7 16. Bxe7 Qxe7 17. Bd3 Rac8 18. Re3 Qg5 19. Be4 Bxe4 20. Qxe4 Nc5 21. Qf3 Rfd8 22. h3 a5 23. Nb5 Rd2 24. Nd6 Rc7 25. Re2 Rxe2 26. Qxe2 Nd7 27. Re1 Qg6 28. Rd1 Rc2 29. Qe3 Rxb2 30. Nc8 Qc2 31. Ne7+ Kh7 32. Rxd7 Rxa2 33. Rd8 Qc7 34. Qd3+ g6 35. Nxg6 Qc1+ 36. Kh2 f5 37. exf6 1-0